Sguardo su Cristo Maestro nell'intuizione di don Alberione (Record n. 37714)

Dettagli MARC
000 -LEADER
fixed length control field 00786nam a22001817a 4500
003 - CONTROL NUMBER IDENTIFIER
control field IT-RoPau
005 - DATE AND TIME OF LATEST TRANSACTION
control field 20220918175937.0
008 - FIXED-LENGTH DATA ELEMENTS--GENERAL INFORMATION
fixed length control field 130107b xxu||||| |||| 00| 0 eng d
040 ## - CATALOGING SOURCE
Transcribing agency IT-RoPau
100 ## - MAIN ENTRY--PERSONAL NAME
Personal name Alberione Giacomo
Titles and words associated with a name ssp
9 (RLIN) 112
245 ## - TITLE STATEMENT
Title Sguardo su Cristo Maestro nell'intuizione di don Alberione
Remainder of title (la preghiera paolina)
250 ## - EDITION STATEMENT
Edition statement 1° ed.
260 ## - PUBLICATION, DISTRIBUTION, ETC. (IMPRINT)
Place of publication, distribution, etc. Roma
Name of publisher, distributor, etc. Figlie di San Paolo Casa Generalizia
Date of publication, distribution, etc. 1980
300 ## - PHYSICAL DESCRIPTION
Extent 84 p.
Dimensions 20,5 cm
490 ## - SERIES STATEMENT
Series statement 1
520 ## - SUMMARY, ETC.
Summary, etc. INDICE<br/>Prefazione;<br/>Le note specifiche della nostra preghiera nel riferimento a Gesù Maestro;<br/>L'Eucaristia: preghiera qualificante la nostra spiritualità;<br/>La Visita al SS. Sacramento: adorazione e "scuola" del Divin Maestro;<br/>La vita nella preghiera;<br/>La "missione" nella preghiera.
942 ## - ADDED ENTRY ELEMENTS (KOHA)
Source of classification or shelving scheme Dewey Decimal Classification
Koha item type LIBRO
Dati di copia
Withdrawn status Lost status Source of classification or shelving scheme Damaged status Not for loan Home library Current library Date acquired Total Checkouts Full call number Date last seen Price effective from Koha item type
    Dewey Decimal Classification Buone Condizioni Not For Loan PAULUS-BIBLIOTECA PAULUS-BIBLIOTECA 07/01/2013   P B1 07/01/2013 07/01/2013 LIBRO
CREDITS: SOCIETA' SAN PAOLO Via A.Severo, 58 - ROMA (RM) & PERIODICI SAN PAOLO SRL Via Giotto, 36 MILANO & CISF Via Giotto, 36 MILANO & EDIZIONI SAN PAOLO SRL,  Piazza Soncino, 5 CINISELLO BALSAMO (MI) -- ITALY